000 00646nam a2200169 4500
001 138328
003 ES-MaACL
005 20230906195538.0
007 t|
008 070214s1932 sp r ||||1| spa d
100 1 _aSanchís Perpiñá, Vicente.
_9103019
245 1 0 _aNuestro método de queiloplastia labial inferior /
_cV. Sanchís Perpiñá.
260 _aMadrid :
_b[s. n.],
_c1932.
300 _a12 h. :
_bil. ;
_c24 x 17 cm.
500 _aPublicado en: Archivos de Medicina, Cirugía y Especialidades, nº 620. Y también en: Actas de la Sociedad de Cirugía de Madrid, t. I, fasc. 3º, abril-junio 1932.
852 _aES-MaACL
_j1761-F-6
999 _c138328
_d138328